ბათუმის შოთა რუსთაველის სახელმწიფო უნივერსიტეტის ბიბლიოთეკა

Пособие по русскому языку / (ბიბ.ჩანაწერი № 55222)

000 -LEADER
fixed length control field 00788nam a2200241Ia 4500
001 - CONTROL NUMBER
control field 22297
003 - CONTROL NUMBER IDENTIFIER
control field GE_BSU
005 - DATE AND TIME OF LATEST TRANSACTION
control field 20210929122823.0
008 - FIXED-LENGTH DATA ELEMENTS--GENERAL INFORMATION
fixed length control field 181216s2001||||ru |||||||||||||| ||rus||
040 ## - CATALOGING SOURCE
Transcribing agency GE_BSU
041 ## - LANGUAGE CODE
Language code of text/sound track or separate title rus
080 ## - UNIVERSAL DECIMAL CLASSIFICATION NUMBER
Universal Decimal Classification number 811.161.1 Х-27
100 ## - MAIN ENTRY--PERSONAL NAME
Personal name Хахутаишвили, Н.Б.
9 (RLIN) 12572
245 ## - TITLE STATEMENT
Title Пособие по русскому языку /
Statement of responsibility, etc. Н.Б. Хахутаишвили, К. Сванидзе.
264 ## - PRODUCTION, PUBLICATION, DISTRIBUTION, MANUFACTURE, AND COPYRIGHT NOTICE
Place of production, publication, distribution, manufacture Батуми,
Date of production, publication, distribution, manufacture, or copyright notice 2001.
300 ## - PHYSICAL DESCRIPTION
Extent 443 стр.;
Other physical details 21 см.
520 ## - SUMMARY, ETC.
Summary, etc. აკლია გვ.: 227-234
522 ## - GEOGRAPHIC COVERAGE NOTE
Geographic coverage note Библ. стр.:435-436
653 ## - INDEX TERM--UNCONTROLLED
keyword Пособие по русскому языку
653 ## - INDEX TERM--UNCONTROLLED
keyword Русский язык
700 ## - ADDED ENTRY--PERSONAL NAME
Personal name Сванидзе, К.
Relator term ავტორი
9 (RLIN) 12573
942 ## - ADDED ENTRY ELEMENTS (KOHA)
Koha item type წიგნი
Source of classification or shelving scheme
ეგზემპლარები
Withdrawn status Lost status Source of classification or shelving scheme Damaged status Not for loan Permanent Location Current Location Shelving location Date acquired Cost, normal purchase price Full call number Barcode Date last seen Copy number Price effective from Koha item type Public note
          ბათუმის შოთა რუსთაველის სახელმწიფო უნივერსიტეტის მთავარი ბიბლიოთეკა ბათუმის შოთა რუსთაველის სახელმწიფო უნივერსიტეტის მთავარი ბიბლიოთეკა წიგნსაცავი 2018-12-17 15.00 811.161.1 Х-27 3641 2018-12-17 3641 2018-12-17 წიგნი 15 ლ.